Statistics for Europos sostines

Click here to take the quiz!

General Stats

  • This quiz has been taken 92 times
  • The average score is 26 of 47

Answer Stats

HintAnswer% Correct
GraikijaAtėnai
85%
VokietijaBerlynas
85%
LietuvaVilnius
85%
LatvijaRyga
80%
AirijaDublinas
75%
JKLondonas
75%
PrancūzijaParyžius
75%
ItalijaRoma
75%
RusijaMaskva
70%
PortugalijaLisabona
65%
SlovėnijaLiubliana
65%
LiuksemburgasLiuksemburgas
65%
BulgarijaSofija
65%
MaltaValeta
65%
RumunijaBukareštas
60%
JuodkalnijaPodgorica
60%
San MarinasSan Marinas
60%
EstijaTalinas
60%
LenkijaVaršuva
60%
AndoraAndora
55%
SerbijaBelgradas
55%
SuomijaHelsinkis
55%
IspanijaMadridas
55%
MonakasMonakas
55%
ŠvedijaStokholmas
55%
AustrijaViena
55%
NyderlandaiAmsterdamas
50%
TurkijaAnkara
50%
NorvegijaOslas
50%
Islandija
Reikjavikas
50%
ŠveicarijaBernas
45%
SlovakijaBratislava
45%
VengrijaBudapeštas
45%
MoldovaKišiniovas
45%
DanijaKopenhaga
45%
GudijaMinskas
45%
KiprasNikosija
45%
ČekijaPraha
45%
Š. MakedonijaSkopjė
45%
LichtenšteinasVaducas
45%
VatikanasVatikanas
45%
KroatijaZagrebas
45%
BelgijaBriuselis
40%
Bosnija ir
Hercogovina
Sarajevas
40%
AlbanijaTirana
35%
KosovasPriština
25%
UkrainaKyjivas
15%

Score Distribution

Percentile by Number Answered

Percent of People with Each Score

Your Score History

You have not taken this quiz